000 00571nam a2200205 4500
001 76068
003 BD-RjUL
005 20211209082802.0
008 191017s1970 ii ||||| |||| 00| 0 eng d
035 _a(BD-RjUL)
040 _aBD-RjUL
_beng
_cBD-RjUL
_dBD-RjUL
041 _aeng
082 _223
_a658.4
_bCHC 1970
100 1 _4Chowdhry, Kamla
245 1 0 _aChange-in-organisations /
_cKamla Chowdhry
260 _aBombay:
_bLalvani Pub. House,
_c1970
300 _ax, 209 p. ;
_c23 cm
650 _aManagement
_xStudy and teaching
_zIndia.
_9233910
942 _2ddc
_cBK
999 _c76068
_d76068